| 000 | 00484nas a22001937a 4500 | ||
|---|---|---|---|
| 003 | IIN | ||
| 005 | 20251211143323.0 | ||
| 008 | 251211c2011 |||tr|p |||| 00| 0 eng d | ||
| 022 | _a2348-957x | ||
| 022 | _a2249-4758 (eISSN) | ||
| 040 | _aIIN | ||
| 245 |
_aJournal of Nursing Science & Practice _cedited by Seema Yadav |
||
| 260 |
_aNoida _bSTM Journals _c2011 |
||
| 300 | _avol. 1 no. 1 | ||
| 310 | _aTri-annual | ||
| 650 | _aNursing | ||
| 856 | _u10.37591/JoNSP | ||
| 942 |
_cSER _s1 |
||
| 999 |
_c1889 _d1889 |
||